Tomáši, hraj-- dva snadné kousky pro mladé houslisty : violino e pianoforte /

Main Author: Pelikán, Miroslav, 1922-2006
Language: No linguistic content
Published: Praha : Panton, 1969
Edition: 1. vyd.
Physical Description: 2, 7 s.
Musical Score Musical Score
Saved in:
LEADER 00748ncm a22002172a 4500
001 001229853
003 CZ BrMZK
005 20120711135839.0
007 qu
008 120711s1969 xr |||||||||||||||||zxx d
040 |a BOA001  |b cze 
072 7 |a 787  |x Hudba pro strunné a smyčcové nástroje  |2 Konspekt  |9 9 
100 1 |a Pelikán, Miroslav,  |d 1922-2006  |7 jn19990209643  |4 cmp 
245 1 0 |a Tomáši, hraj--  |h [hudebnina] :  |b dva snadné kousky pro mladé houslisty : violino e pianoforte /  |c Miroslav Pelikán 
250 |a 1. vyd. 
260 |a Praha :  |b Panton,  |c 1969 
300 |a 2, 7 s. 
910 |a BOA001  |b Mus4-0624.712 
990 |a MU 
991 |b 201207 
996 6 |b 2619091688  |c Mus4-0624.712  |l MZK  |r Sklad / do 1 hodiny  |n 0  |w 001263631  |u 000010  |a 1  |e BOA001  |j MZK50  |s P